000 01701cam a22001814a 4500
005 20250605163252.0
008 250528s ||||||||||||||||||||||||d
035 _a15716
020 _a415085616
040 _aGR-AtMCL
_bgre
_dGR-AtMCL
_eAACR2
245 1 _aTransnational Corporations and World Development / Published by Routledge on Behalf of the UNCTAD Division on Transnational Corporations and Investment
260 _bInternational Thomson Business Press,
_c1996
300 _a582
520 _aThis volume brings together world experts in international business who offer a commentary on the key activities of Transnational Corporations. Preface, History and Theory and General Impact, Transnational Corporations - a Historical Perspective, The Nature of Transnational Corporations and their Activities, Transnational Corporations and Economic Development, The Functioning of Transnational Corporations, Transnational Corporations and Business Strategy - the Foundations of an Emerging Field, International Financial Movement, Organization and Management of Transnational Corporations in Practice and Research, Impact on Economic Countries, Transnational Corporations and Human Resources, The Role of Transnational Corporations in International Trade, Transnational Corporations and Industrialization, Market Structure and Industrial Performance, Special Impacts, Transnational Corporations and the Exploitation of Natural Resources, Transnational Corporations in Services, Transfer Pricing and Taxation, Governments and Transnational Corporations, Transnational Corporations and Regional Economic Integration, Legal Aspects, Index.
942 _cBK
999 _c1272
_d1272